000 00271 a2200121 4500
001 194896
040 _cMagnum
100 _aBaleiro, Zeca
240 1 0 _aA canção dos pássaros
_lpor
245 1 0 _aA canção dos pássaros
697 _aLITERATURA INFANTIL
942 _cBK
999 _c194896
_d194896